| 000 | 00807nam a2200265 a 4500 | ||
|---|---|---|---|
| 001 | BRL_744 | ||
| 005 | 20190320210857.0 | ||
| 008 | 011013s1965----mx-a######---#000-0#spa-# | ||
| 041 | _aspa | ||
| 044 | _amx | ||
| 050 | 4 |
_aSF105 _b.W55 1965 |
|
| 100 | 1 |
_aWilliams, D. W. _924809 |
|
| 245 | 1 | 0 |
_aGandado vacuno para carne _bcría y explotación _cD. W. Williams ; versión española Mario Appendini. |
| 260 |
_aMéxico, D.F. _bLimusa-Wiley _c1965 |
||
| 300 |
_a411 p. _bil. _c23 cm. |
||
| 500 | _aAu854 | ||
| 500 | _aTraducción de: Beff cattle production in the south. | ||
| 500 | _aIncluye índice alfabético | ||
| 504 | _aBibiografía: p. 397-404 | ||
| 650 | 1 | 4 |
_aGanadería _923408 |
| 650 | 1 | 4 |
_aGanado de carne _924810 |
| 700 | 1 |
_aAppendini, Mario _etr. _924811 |
|
| 902 | _aGRL | ||
| 942 |
_2lcc _cB |
||
| 999 |
_c9556 _d9556 |
||